000 00584nam a2200217Ia 4500
005 20241129111141.0
008 241129s9999||||xx |||||||||||||| ||und||
020 _a978-93-91520-27-4
037 _aTB
040 _aCRL
_beng
_cCRL
041 _aeng
_2eng
084 _aQ2:7 R3
_qCRL
100 _aWilson H. H. Au.
_9642133
245 0 _aReligious sects of the hindus
_cWilson H. H. Au.
260 _aVaranasi, India
_bPrachya Vidya Bhawan
_c2023
300 _a351p.
365 _aINR
_b1500
650 _aReligion
942 _cTB
_hQ2:7 R3
999 _c1229160
_d1229160